000
00289nam a22001217a 4500
999
_c
152811
_d
152811
082
_a
_b
100
_a
Montgomery Martin
245
_a
Indian historical researches (v.30)/
_c
by Montgomery Martin.
260
_a
New Delhi:
_b
Cosmo,
_c
1976.
300
_a
713p.
650
_a
942
_c
BK